000
00319nam a22001457a 4500
008
221110b ||||| |||| 00| 0 eng d
020
_a
9781631899645
041
_a
eng
080
_2
FIRST EDITION
_a
61
082
_a
61 WAR
100
_a
5
101
_a
MJK
245
_a
WELLNESS ILLNESS
_c
WARD F
942
_2
udc
_c
BK
999
_c
58845
_d
58845